Contreras: historia de un intocable
Guardat en:
| Autor principal: | |
|---|---|
| Format: | Llibre |
| Idioma: | espanyol |
| Publicat: |
Santiago
Grijalbo
1995
|
| Matèries: | |
| Etiquetes: |
Afegir etiqueta
Sense etiquetes, Sigues el primer a etiquetar aquest registre!
|
MARC
| LEADER | 00000nam a2200000 a 4500 | ||
|---|---|---|---|
| 001 | UCS1893 | ||
| 003 | CL-VaPUC | ||
| 008 | 970516e19950000CL |||||||||||||||||spa|d | ||
| 082 | 0 | 4 | |a 070.444 |b SAL |2 21 |
| 100 | 0 | |a Salazar, Manuel |e author |9 386768 | |
| 245 | 1 | 0 | |a Contreras: historia de un intocable |
| 300 | |a 196 p | ||
| 942 | |c BK | ||
| 945 | |d 19970516 00:00:00 |a amoreno | ||
| 260 | |a Santiago |b Grijalbo |c 1995 | ||
| 650 | 0 | |a Periodismo |9 310113 | |
| 650 | 0 | |a Partidos políticos |9 254999 | |
| 650 | 7 | |a TESTIMONIOS |2 CL-VaPUC |9 386769 | |
| 583 | |a last modification |c 19970516 00:00:00 |k Rodrigo Vera | ||
| 999 | |c 259916 |d 259914 | ||
| 952 | |0 0 |1 0 |4 0 |6 070_444000000000000_SAL_1995 |7 0 |8 A |9 285435 |a BIBCUR |b BIBCUR |d 2019-11-19 |i 3305201 |l 3 |m 2 |o 070.444 SAL 1995 |p 3305201 |r 2025-04-22 |s 2023-04-12 |w 2019-11-19 |y BK |k PER | ||